| 000 | 01854nam a22002417a 4500 | ||
|---|---|---|---|
| 003 | OSt | ||
| 005 | 20250228110751.0 | ||
| 008 | 231010s2015 ag ||||| |||| 00| 1 spa d | ||
| 020 | _a9789507533846 | ||
| 040 | _cbesoc | ||
| 245 | 1 |
_aCuatro cuentos policiales / _cEdgar Alan Poe ... [et al.] |
|
| 260 |
_aBuenos Aires : _bCántaro, _c2015 |
||
| 300 | _a107 p. | ||
| 490 | _aColección del Mirador | ||
| 505 | 0 | _aPuertas de acceso -- Los orígenes : el cuento policial clásico -- La evolución hacia el género negro -- Otras tendencias -- La variante latinoamericana -- La obra: La carta robada / Edgar Allan Poe -- El tren desaparecido / Arthur Conan Doyle -- Frente de tormenta / Vicente Battista -- El centro de la telaraña / Christian X. Ferdinandus -- Bibliografía.- | |
| 520 | _aEl enigma, la investigación, el desafío que implica el misterio por resolver. Todos estos elementos parecen hacer del policial algo más que un genero narrativo. Lo convierten casi en un juego de ingenio, en el que el lector se convierte en un participante activo del camino hacia la respuesta. A través del tiempo, el policial clásico ha ido incorporando elementos emergentes de las sociedades en que sus autores escribieron: la violencia, el cinismo, una mirada escéptica de la vida, y hasta el desarrollo de la tecnología. Con estos cuatro ejemplos, esta antología se propone un simple recorrido por los pasadizos de uno de los géneros considerados masivos, por su popularidad y aceptación por parte de los lectores. [Nota del editor] | ||
| 650 | 4 |
_aLiteratura _vCuentos policiales _ySiglo XIX _ySiglo XX _xColección juvenil |
|
| 700 | 1 |
_aPoe, Edgar Alan _d(1809-1849) _eautor |
|
| 700 | 1 |
_aBattista, Vicente, _d(1940-) _eautor |
|
| 700 | 1 |
_aDoyle, Arthur Conan, _d(1859-1930) _eautor |
|
| 700 | 1 |
_aFerdinandus, Christian X. _eautor |
|
| 942 |
_2udc _cOG _n0 |
||
| 999 |
_c109 _d109 |
||